Statistiques concernant The weeknd

Cliquez ici pour prendre le quiz!

Statistiques générales

  • Ce quiz a été pris 44 fois
    (35 depuis la dernière actualisation)
  • Le résultat moyen est 11 sur 29

Statistiques - réponses

HintRéponse% Correct
NationalitéCanadien
91%
Qui "l'a fait percer"Drake
66%
Quelle était son addiction avant de percerLa drogue
59%
Album 3Starboy
59%
Date de naissance16 février 1990
56%
Combien de grammy a t'il gagné4
56%
Album 4After Hours
56%
Album 5Dawn FM
56%
Dans quelle série à t'il joué et fait la B.OThe idol
56%
Album 1Kiss Land
53%
Nom completAbel Makkonen Tesfaye
50%
Mixtape 1House of Balloons
44%
Album 2Beauty Behind the Madness
41%
Mixtape 3Echoes of Silence
34%
Label 1XO
34%
Nationalité de ses parentséthiopiens
31%
EpMy Dear Melancholy
31%
Mon album préféré hahahahStarboy
31%
Mixtape 2Thursday
31%
Compilation 1Trilogy
31%
Label 2Republic
22%
Quelle est ma musique préféré HihihiStarboy
22%
Compilation 2 ( album préféré de thomas hahahahah)The highlights
19%
Sous quelle noms il chantait avant the weekndThe Noise / Kin Kane
13%
Pour quoiHurricane
9%
Lieu de naissanceOntario
9%
Quelle est le dernier qu'il a gagnéBest Melodic Rap Performance
6%
Quelle est le nom de la premiere musique qu'il a mis en ligneDo It
6%
Label 3Universal Music Group
3%

Distribution des résultats

Percentile par nombre de réponses

% des personnes avec chaque résultat

Votre développement - résultats

Vous n’avez pas pris ce quiz depuis la dernière actualisation